000 00573nam a2200241 a 4500
001 nice12345678
003 IN_TiNIC
005 20260116011529.0
008 050524s1963 lona grp 000 0 eng
020 _a
_c100
082 0 0 _a230.1
_bKEL
100 _aKelly, J N D
245 _aEarly Christian Creeds.
260 _aLondon
_bLongmans, Green and Co
_c1963
300 _a446p
500 _aincludes index and biblioraphy
505 2 _aIndex
650 _aTheology-Early Church
700 1 _aKelly, J N D
902 _bSRS
942 _cBK
999 _c2359
_d2359